000 00692nam a2200205Ia 4500
003 GCL
008 140319s9999 xx 000 0 ara d
040 _aGCL /
_cGCL
082 0 4 _a813.009
_bح ر
100 1 _aحمدى السكوت
245 1 0 _aالرواية العربية ببليوجرافيا ومدخل نقدى 1865-1995 /
_cحمدى السكوت
260 _aالقاهرة :
_bقسم النشر بالجامعة الامريكية ،
_c0
300 _a6 مج ؛
_c24 سم
490 _a
650 0 4 _aالادب العربى
650 0 4 _aالادب
650 0 4 _aالادباء العرب
650 0 4 _aالقصص العربية - تاريخ ونقد
942 _2ddc
_cBK
999 _c52245
_d52245